000 00263nam a22001217a 4500
008 181121b xxu||||| |||| 00| 0 eng d
041 _aeng
080 _a616-053.2
100 _a8
101 _aPED
245 _a10 years of research
_cKey, L.L
942 _2udc
_cBK
999 _c52298
_d52298